000
00322pam a2200133 a 4500
020
_c
041
_h
082
_a
658.8
100
_a
KOTLER (Philip)/ ARMSTRONG (G)
_e
author
245
_a
Principles of Marketing
_h
Textual Document
250
_a
9th
260
_b
Prentice Hall of India New Delhi
_c
2002
930
_a
8334
999
_c
837739
_d
837739